| 000 | 01105pam a2200349 a 4500 | ||
|---|---|---|---|
| 999 |
_c330349 _d330349 |
||
| 001 | 4296180 | ||
| 003 | NUST | ||
| 005 | 20170621123108.0 | ||
| 008 | 860421s1986 nyua b 001 0 eng c | ||
| 010 | _a 86008683 | ||
| 020 | _a0023646500 | ||
| 040 |
_aDNLM/DLC _cDLC _dDLC |
||
| 050 | 0 | 0 |
_aRA1211 _b.C296 1986 |
| 060 | _aQV 600 T757 | ||
| 082 | 0 | 0 |
_a615.9 TOX _219 |
| 100 | 1 |
_aCasarett, Louis J. _92931 |
|
| 240 | 1 | 0 | _aToxicology |
| 245 | 1 | 0 |
_aCasarett and Doull's toxicology : _bthe basic science of poisons / _cedited by Curtis D. Klaassen, Mary O. Amdur, John Doull. |
| 250 | _a3rd ed. | ||
| 260 |
_aNew York : _bMacmillan, _cc1986. |
||
| 300 |
_axiii, 974 p. : _bill. ; _c26 cm. |
||
| 500 | _aIncludes bibliographies and index. | ||
| 501 | _aH.B | ||
| 650 | 0 |
_aToxicology. _92912 |
|
| 650 | 0 |
_aPoisons. _92930 |
|
| 650 | 2 |
_aPoisoning. _92929 |
|
| 650 | 2 |
_aPoisons. _92930 |
|
| 700 | 1 |
_aDoull, John, _d1922- _92932 |
|
| 700 | 1 |
_aKlaassen, Curtis D. _92933 |
|
| 700 | 1 |
_aAmdur, Mary O. _93047 |
|
| 906 |
_a7 _bcbc _corignew _d1 _eocip _f19 _gy-gencatlg |
||
| 942 |
_2ddc _cBK _kIESE |
||